[Event "2024 Standard Chess Dropout Tournament, Round 1"]
[Site "SchemingMind.com"]
[Date "2024.01.11"]
[Round "1"]
[White "Wojciech  Langer"]
[Black "Dom P"]
[Result "1-0"]
[WhiteCountry "INT"]
[BlackCountry "ENG"]
[WhiteElo "1635"]
[WhiteRD "109"]
[BlackElo "1655"]
[BlackRD "88"]
[GameID "741118"]

1. Nf3 d6 2. d4 Nf6 3. c4 g6 4. Nc3 Bg7 5. e4 O-O 6. Be2 b6 7. O-O c6 8. e5 Nfd7 9. Bf4 dxe5 10. dxe5 c5
11. Qd5 Nxe5 12. Qxa8 Nbd7 13. Rad1 Nxf3+ 14. Bxf3 Bd4 15. Be3 Ne5 16. Bxd4 cxd4 17. Qe4 Nxc4 18. Qxd4 Nd6 19. Rfe1 Be6 20. Ne4 Bxa2
21. Nxd6 exd6 22. Qxd6 Qc8 23. Qa3 Bc4 24. Rc1 b5 25. b3
1-0

[Event "2024 Standard Chess Dropout Tournament, Round 1"]
[Site "SchemingMind.com"]
[Date "2024.01.06"]
[Round "1"]
[White "Wojtek26"]
[Black "ray winteringham"]
[Result "0-1"]
[WhiteCountry "POL"]
[BlackCountry "ENG"]
[WhiteElo "1469"]
[WhiteRD "78"]
[BlackElo "1433"]
[BlackRD "46"]
[GameID "741119"]

1. d4 d5 2. e3 Nf6 3. Nf3 Bg4 4. c4 e6 5. Nbd2 Bd6 6. a3 c6 7. c5 Be7 8. b4 Nbd7 9. Be2 h6 10. Bb2 O-O
11. O-O b6 12. h3 Bf5 13. Rc1 b5 14. Nb3 Nh7 15. Bd3 Bg6 16. Bxg6 fxg6 17. Qd3 Qe8 18. Ne5 Bf6 19. Nxg6 Rf7 20. e4 dxe4
21. Qxe4 Ng5 22. Qxc6 Kh7 23. Nf4 Re7 24. Rfe1 a6 25. Nd2 Nf8 26. Qxe8 Raxe8 27. Nh5 Rf7 28. Nxf6+ Rxf6 29. d5 Rg6 30. d6 Nxh3+
31. Kh2 Nf4 32. g3 Nd3 33. Rb1 Nxe1 34. Rxe1 Nd7 35. c6 Nb6 36. d7 Rd8 37. Bd4 Nxd7 38. cxd7 Rxd7 39. Be3 Rd3 40. Nb1 e5
41. Rc1 Rgd6 42. Kg2 Rd7 43. Kf3 g5 44. Ke2 e4 45. Rc6 R3d6 46. Rxd6 Rxd6 47. Nc3 Rd3 48. Bd2 Kg6 49. Nxe4 Rxa3 50. Nc5 Kf5
51. Nd3 Ke4 52. f3+ Kd4 53. Nb2 Ra2 54. Nd3 Ra1 55. Nc1 Ra3 56. g4 Kc4 57. Kd1 Rxf3 58. Ne2 Kd3 59. Ng1 Rf1+
0-1

[Event "2024 Standard Chess Dropout Tournament, Round 1"]
[Site "SchemingMind.com"]
[Date "2024.01.06"]
[Round "1"]
[White "Wolli"]
[Black "Diadoco"]
[Result "0-1"]
[WhiteCountry "GER"]
[BlackCountry "MEX"]
[WhiteElo "1680"]
[WhiteRD "120"]
[BlackElo "1915"]
[BlackRD "109"]
[GameID "741120"]

1. c4 e5 2. g3 c6 3. Bg2 d5 4. cxd5 cxd5 5. Nc3 Nf6 6. Nf3 Nc6 7. O-O Bc5 8. e3 e4 9. Ne1 O-O 10. d3 Bf5
11. dxe4 dxe4 12. Nc2 Qxd1 13. Rxd1 Rfd8 14. Bd2 Rd7 15. Be1 Rad8 16. Rxd7 Rxd7 17. Rd1 Rxd1 18. Nxd1 a6 19. Nc3 Kf8 20. a3 a5
21. Na4 Ba7 22. Bc3 Nd5 23. Nd4 Nxd4 24. Bxd4 Bxd4 25. exd4 b6 26. Nc3 Nf6 27. Kf1 Ke7 28. Ke2 Kd6 29. h3 h5 30. Ke3 Nd5+
31. Nxd5 Kxd5 32. f3 exf3 33. Bxf3+ Ke6 34. g4 hxg4 35. Bxg4 Bxg4 36. hxg4 Kd5 37. b3 f6 38. a4 g6 39. Kd3 f5 40. gxf5 gxf5
41. Ke3 f4+
0-1

[Event "2024 Standard Chess Dropout Tournament, Round 1"]
[Site "SchemingMind.com"]
[Date "2024.01.11"]
[Round "1"]
[White "John C. Walton"]
[Black "surfnsuds"]
[Result "1-0"]
[WhiteCountry "USA"]
[BlackCountry "USA"]
[WhiteElo "2572"]
[WhiteRD "127"]
[BlackElo "1260"]
[BlackRD "101"]
[GameID "741121"]

1. d4 Nf6 2. c4 g6 3. f3 c5 4. d5 d6 5. e4 Bg7 6. Nc3 O-O 7. Nge2 e6 8. Ng3 exd5 9. cxd5 a6 10. a4 Nbd7
11. Be2 Ne5 12. O-O h6 13. f4 Ned7 14. Be3 b6 15. Qd2 Rb8 16. e5 dxe5 17. f5 Bb7 18. fxg6 fxg6 19. Bxh6 Bxh6 20. Qxh6 Kf7
21. Nge4 Rh8 22. Ng5+ Kg8 23. Qxg6+ Kf8 24. Qf7#
1-0

[Event "2024 Standard Chess Dropout Tournament, Round 2"]
[Site "SchemingMind.com"]
[Date "2024.05.25"]
[Round "2"]
[White "*chessnut*"]
[Black "Dom P"]
[Result "*"]
[WhiteCountry "FRA"]
[BlackCountry "ENG"]
[WhiteElo "1196"]
[WhiteRD "82"]
[BlackElo "1603"]
[BlackRD "77"]
[GameID "744706"]

1. d4 d6 2. c4 Nf6 3. Nc3 g6 4. h3 Bg7 5. e3 O-O 6. Nf3 b6 7. Bd3 c5 8. d5 a6 9. a4 Bb7 10. e4 Nbd7
11. Rb1 e6 12. Bf4 exd5 13. Nd2 dxe4 14. Ndxe4 d5 15. Nd6 Rb8 16. Qf3 Qe7+ 17. Kd2 Ne4+ 18. Ncxe4 Ne5 19. Nxb7 Nxf3+ 20. gxf3 dxe4
21. Bxe4 Rxb7 22. Bxb7 Qxb7 23. Ke2 Re8+ 24. Be3 Bd4 25. b4 Qd7 26. Kf1 Bxe3 27. Kg2 Qxa4 28. Rb2 Bd4 29. bxc5 Bxc5 30. Rc1 Re5
31. f4 Rf5 32. Re2 Rxf4
*

[Event "2024 Standard Chess Dropout Tournament, Round 2"]
[Site "SchemingMind.com"]
[Date "2024.05.24"]
[Round "2"]
[White "agoodhobby"]
[Black "Phillip Beckett"]
[Result "*"]
[WhiteCountry "USA"]
[BlackCountry "ENG"]
[WhiteElo "1397"]
[WhiteRD "80"]
[BlackElo "1465"]
[BlackRD "54"]
[GameID "744711"]

1. d4 d5 2. c4 e6 3. Nf3 Nf6 4. Nc3 Be7 5. Bg5 h6 6. Bh4 O-O 7. e3 Ne4 8. Bxe7 Qxe7 9. Nxe4 dxe4 10. Nd2 f5
11. Be2 Nd7 12. O-O c5 13. Qc2 cxd4 14. exd4 Nb6 15. a3 Bd7
*

[Event "2024 Standard Chess Dropout Tournament, Round 2"]
[Site "SchemingMind.com"]
[Date "2024.05.24"]
[Round "2"]
[White "Bacon"]
[Black "Robert Hatfield"]
[Result "*"]
[WhiteCountry "BER"]
[BlackCountry "USA"]
[WhiteElo "1106"]
[WhiteRD "151"]
[BlackElo "1707"]
[BlackRD "63"]
[GameID "744714"]

1. e4 e5 2. Nf3 Nc6 3. Bc4 Bc5 4. O-O Nf6 5. Ng5 O-O 6. Bxf7+ Rxf7 7. d3 Rf8 8. Qd2 Qe8 9. Na3 Bxa3 10. bxa3 d6
11. g3 Nd4 12. Bb2 Ne6 13. Rab1 Nxg5 14. Qxg5 Be6 15. f4 exf4
*

[Event "2024 Standard Chess Dropout Tournament, Round 2"]
[Site "SchemingMind.com"]
[Date "2024.05.24"]
[Round "2"]
[White "Brerrabbit"]
[Black "Bacon"]
[Result "*"]
[WhiteCountry "SCO"]
[BlackCountry "BER"]
[WhiteElo "1200"]
[WhiteRD "82"]
[BlackElo "1106"]
[BlackRD "151"]
[GameID "744716"]

1. e4 e5 2. Nf3 Nc6 3. Bc4 Nf6 4. Ng5 d5 5. exd5 Nd4 6. c3 Nf5 7. d4 Qd6 8. Qf3 h6 9. Ne4 Qd7 10. O-O g6
11. Nxf6+ Ke7 12. Nxd7 Bxd7 13. b3 b5 14. Bd3 Rd8 15. Ba3+ Ke8 16. Nd2 Bxa3 17. b4
*

[Event "2024 Standard Chess Dropout Tournament, Round 2"]
[Site "SchemingMind.com"]
[Date "2024.05.24"]
[Round "2"]
[White "Robert Bruce"]
[Black "pawngrabber"]
[Result "*"]
[WhiteCountry "SCO"]
[BlackCountry "ENG"]
[WhiteElo "2292"]
[WhiteRD "67"]
[BlackElo "1818"]
[BlackRD "67"]
[GameID "744717"]

1. d4 Nf6 2. Nf3 g6 3. Bg5 Bg7 4. Nbd2 d5 5. c3 O-O 6. e3 Nbd7 7. Bd3 c5 8. O-O c4 9. Bc2 b5 10. a4 Ba6
11. b3 cxb3 12. axb5 Bxb5 13. Bxb3 Bxf1 14. Qxf1 Qc7 15. c4 dxc4 16. Nxc4 e6 17. Bf4 Qc6 18. h3 Nd5 19. Ba4 Qc8 20. Nd6 Qd8
21. Nb7 Qc8 22. Nd6 Qd8 23. Bg3 N7b6 24. Bc6 Nb4 25. Bxa8 Qxa8 26. Qb5 N4d5 27. Ne5 Nc3 28. Qd3 Ncd5 29. e4 Ne7
*

[Event "2024 Standard Chess Dropout Tournament, Round 2"]
[Site "SchemingMind.com"]
[Date "2024.05.25"]
[Round "2"]
[White "Geoffrey Rosser"]
[Black "Daryl Fouard"]
[Result "*"]
[WhiteCountry "ENG"]
[BlackCountry "USA"]
[WhiteElo "1909"]
[WhiteRD "68"]
[BlackElo "1775"]
[BlackRD "126"]
[GameID "744720"]

1. e4 g6 2. d4 Bg7 3. Nf3 d6 4. c3 Nd7 5. Bd3 e6 6. Bg5 Ne7 7. Na3 a6 8. O-O h6 9. Bd2 b6 10. Nc4 Bb7
11. Ne3 f5 12. exf5 exf5
*

[Event "2024 Standard Chess Dropout Tournament, Round 2"]
[Site "SchemingMind.com"]
[Date "2024.05.23"]
[Round "2"]
[White "Chessibelle"]
[Black "Geoffrey Rosser"]
[Result "*"]
[WhiteCountry "ENG"]
[BlackCountry "ENG"]
[WhiteElo "1003"]
[WhiteRD "59"]
[BlackElo "1909"]
[BlackRD "68"]
[GameID "744722"]

1. e4 e5 2. d3 Nf6 3. Nc3 Be7 4. g3 O-O 5. Nf3 Nc6 6. a3 d6 7. Be2 Bh3 8. Be3 Ng4 9. Qd2 Nxe3 10. Qxe3 Bg2
11. Rg1 Bxf3 12. Bxf3 Nd4 13. Bd1
*

[Event "2024 Standard Chess Dropout Tournament, Round 2"]
[Site "SchemingMind.com"]
[Date "2024.05.24"]
[Round "2"]
[White "Chesswitchery"]
[Black "pmdpsp"]
[Result "1-0"]
[WhiteCountry "USA"]
[BlackCountry "GER"]
[WhiteElo "1572"]
[WhiteRD "64"]
[BlackElo "1670"]
[BlackRD "71"]
[GameID "744723"]

1. d4 g6 2. c4 Bg7 3. Nc3 Nc6 4. Nf3 d6 5. e3 Bf5 6. Be2 Nb4 7. Qa4+ Qd7 8. Qxb4 b6 9. O-O Nf6 10. d5 O-O
11. Nd4 Ne4 12. Nxf5 Qxf5 13. Nxe4 Qxe4 14. f3 Qh4 15. Bd2 Be5 16. f4 Bf6 17. Bc3 a5 18. Qb3 e6 19. g3
1-0

[Event "2024 Standard Chess Dropout Tournament, Round 2"]
[Site "SchemingMind.com"]
[Date "2024.05.25"]
[Round "2"]
[White "Daryl Fouard"]
[Black "Brerrabbit"]
[Result "*"]
[WhiteCountry "USA"]
[BlackCountry "SCO"]
[WhiteElo "1775"]
[WhiteRD "126"]
[BlackElo "1200"]
[BlackRD "82"]
[GameID "744725"]

1. e4 e5 2. f4 d5 3. exd5 e4 4. d3 Nf6 5. dxe4 Nxe4 6. Nf3 c6 7. Bd3 Bf5 8. dxc6 Nxc6 9. Qe2 Qd5 10. Ng5 O-O-O
11. O-O Bc5+ 12. Be3 f6 13. Bxe4 Bxe4 14. Nc3 Qd7
*

[Event "2024 Standard Chess Dropout Tournament, Round 2"]
[Site "SchemingMind.com"]
[Date "2024.05.24"]
[Round "2"]
[White "Dom P"]
[Black "Andreas Flato"]
[Result "0-1"]
[WhiteCountry "ENG"]
[BlackCountry "GER"]
[WhiteElo "1603"]
[WhiteRD "77"]
[BlackElo "1943"]
[BlackRD "122"]
[GameID "744727"]

1. e4 e5 2. Nf3 d6 3. Bc4 Be7 4. d4 exd4 5. Nxd4 Nf6 6. Nc3 Nxe4 7. Nxe4 d5 8. Ng3 dxc4 9. O-O O-O 10. c3 c5
11. Nf3 Nc6 12. Qe2 Be6 13. Be3 b6 14. Rad1 Qc7 15. Ng5 Bxg5 16. Bxg5 h6 17. Bxh6 gxh6 18. Qd2 Kh7 19. Nh5 Qe5 20. Ng3 Rad8
21. Qc2+ Kh8 22. Rde1 Qg5 23. f4 Qg4 24. Qe4 Bd5 25. Qe3 f5 26. h3 Qg6 27. Qc1 Qxg3 28. Re3 Qxg2#
0-1

[Event "2024 Standard Chess Dropout Tournament, Round 2"]
[Site "SchemingMind.com"]
[Date "2024.05.25"]
[Round "2"]
[White "edg"]
[Black "*chessnut*"]
[Result "1-0"]
[WhiteCountry "USA"]
[BlackCountry "FRA"]
[WhiteElo "1671"]
[WhiteRD "77"]
[BlackElo "1196"]
[BlackRD "82"]
[GameID "744731"]

1. b3 e5 2. Bb2 d6 3. e4 c5 4. Nc3 Nf6 5. Nf3 Qc7 6. Bc4 a6 7. Ng5 Ke7 8. Nxf7 Kd7 9. Nxh8 b5 10. Bf7 Bb7
11. Qf3 Nc6 12. Nd5 Qd8 13. Qf5#
1-0

[Event "2024 Standard Chess Dropout Tournament, Round 2"]
[Site "SchemingMind.com"]
[Date "2024.05.23"]
[Round "2"]
[White "Phillip Beckett"]
[Black "edg"]
[Result "*"]
[WhiteCountry "ENG"]
[BlackCountry "USA"]
[WhiteElo "1465"]
[WhiteRD "54"]
[BlackElo "1671"]
[BlackRD "77"]
[GameID "744734"]

1. e4 c5 2. Nf3 Nc6 3. d4 cxd4 4. Nxd4 e5 5. Nb5 d6 6. N1c3 a6 7. Na3 Nf6 8. Bg5 Be7 9. Bxf6 Bxf6 10. Nd5 Bg5
11. Be2 O-O 12. c3 Be6 13. Nc2 Bxd5 14. Qxd5 Qf6 15. O-O Rab8 16. Ne3 Ne7 17. Qd3 Rfd8 18. Nd5 Nxd5 19. Qxd5 Qh6 20. g3 Be7
21. Rad1 Rdc8 22. Bc4 Qg6 23. f4 Rc5 24. Qd3 exf4 25. Rxf4 Rbc8 26. Bxf7+ Qxf7 27. Rxf7 Kxf7 28. Rf1+ Kg8 29. Qf3 Rf8 30. Qg4 Rxf1+
31. Kxf1 Rc7 32. Qe6+ Kf8 33. Ke2
*

[Event "2024 Standard Chess Dropout Tournament, Round 2"]
[Site "SchemingMind.com"]
[Date "2024.05.23"]
[Round "2"]
[White "FcoRego"]
[Black "CapaChess"]
[Result "*"]
[WhiteCountry "ESP"]
[BlackCountry "CUB"]
[WhiteElo "2058"]
[WhiteRD "88"]
[BlackElo "2529"]
[BlackRD "69"]
[GameID "744735"]

1. c4 e5 2. g3 Nf6 3. Bg2 Bc5 4. e3 d5 5. cxd5 Nxd5 6. a3 Bb6 7. Ne2 Nc6 8. O-O h5 9. b4 Be6 10. Nbc3 Qd7
*

[Event "2024 Standard Chess Dropout Tournament, Round 2"]
[Site "SchemingMind.com"]
[Date "2024.05.24"]
[Round "2"]
[White "galeno"]
[Black "kenneth m day"]
[Result "*"]
[WhiteCountry "CUB"]
[BlackCountry "USA"]
[WhiteElo "2528"]
[WhiteRD "125"]
[BlackElo "1611"]
[BlackRD "61"]
[GameID "744737"]

1. e4 e5 2. Nf3 d5 3. exd5 Bd6 4. d4 e4 5. Nfd2 Bf5 6. c4 Nf6 7. Be2 O-O 8. Nc3 c6 9. c5 Bxc5 10. dxc5 cxd5
11. Nb3 Nc6 12. Nd4 Bd7 13. O-O Rc8 14. Bf4
*

[Event "2024 Standard Chess Dropout Tournament, Round 2"]
[Site "SchemingMind.com"]
[Date "2024.05.25"]
[Round "2"]
[White "Jari Laine"]
[Black "Raymond de Kemp"]
[Result "*"]
[WhiteCountry "FIN"]
[BlackCountry "NED"]
[WhiteElo "2540"]
[WhiteRD "93"]
[BlackElo "1846"]
[BlackRD "72"]
[GameID "744744"]

1. e4 c5 2. Nf3 d6 3. d4 cxd4 4. Nxd4 Nf6 5. f3 e5 6. Nb3 d5 7. Bg5 Be6 8. Bxf6 gxf6 9. exd5 Qxd5 10. Qxd5 Bxd5
11. Nc3
*

[Event "2024 Standard Chess Dropout Tournament, Round 2"]
[Site "SchemingMind.com"]
[Date "2024.05.24"]
[Round "2"]
[White "kenneth m day"]
[Black "Joe P"]
[Result "*"]
[WhiteCountry "USA"]
[BlackCountry "AUS"]
[WhiteElo "1611"]
[WhiteRD "61"]
[BlackElo "1924"]
[BlackRD "97"]
[GameID "744750"]

1. e4 e5 2. Nf3 Nf6 3. Nxe5 Nc6 4. Nxc6 dxc6 5. Nc3 Bc5 6. d3 Ng4 7. Be3 Bxe3 8. fxe3 Nxe3 9. Qe2 Qd4 10. Kd2 Nc4+
11. Kc1 Nxb2
*

[Event "2024 Standard Chess Dropout Tournament, Round 2"]
[Site "SchemingMind.com"]
[Date "2024.05.28"]
[Round "2"]
[White "Lanaroon"]
[Black "pnwmusichound"]
[Result "*"]
[WhiteCountry "ENG"]
[BlackCountry "USA"]
[WhiteElo "1311"]
[WhiteRD "139"]
[BlackElo "1803"]
[BlackRD "115"]
[GameID "744754"]

1. e4 e5 2. Nf3 Nf6 3. Nxe5 d6 4. Nf3 Nxe4 5. d4 d5 6. Bd3 Bd6 7. O-O O-O 8. c4 c6 9. Nc3 Nxc3 10. bxc3 dxc4
11. Bxc4 h6 12. Qc2 b5 13. Bd3 Be6 14. Re1
*

[Event "2024 Standard Chess Dropout Tournament, Round 2"]
[Site "SchemingMind.com"]
[Date "2024.05.23"]
[Round "2"]
[White "lawyertheologian"]
[Black "Diadoco"]
[Result "*"]
[WhiteCountry "USA"]
[BlackCountry "MEX"]
[WhiteElo "2098"]
[WhiteRD "98"]
[BlackElo "1863"]
[BlackRD "109"]
[GameID "744756"]

1. e4 c5 2. Nc3 a6 3. g3 b5 4. Bg2 Bb7 5. d3 e6 6. f4 d5 7. exd5 exd5 8. Qf3 Nf6 9. Nge2 Be7 10. O-O O-O
11. f5 b4 12. Nd1 Ra7 13. d4 c4 14. Nf2 Nbd7 15. g4
*

[Event "2024 Standard Chess Dropout Tournament, Round 2"]
[Site "SchemingMind.com"]
[Date "2024.05.25"]
[Round "2"]
[White "Rubén Pulido "]
[Black "Holty"]
[Result "*"]
[WhiteCountry "CUB"]
[BlackCountry "ENG"]
[WhiteElo "2555"]
[WhiteRD "97"]
[BlackElo "1830"]
[BlackRD "73"]
[GameID "744757"]

1. e4 e6 2. d4 d5 3. Nc3 dxe4 4. Nxe4 Nf6 5. Nxf6+ gxf6 6. Nf3 Nc6 7. Bc4 Na5 8. Be2 b6 9. O-O Bb7 10. c4 Nc6
11. d5 Ne7 12. Nd4 e5 13. Qa4+ Qd7 14. Nb5 c6 15. dxc6 Bxc6 16. Rd1 Bxb5 17. cxb5 Qc7 18. Be3 Qb7 19. Bf3 Qb8
*

[Event "2024 Standard Chess Dropout Tournament, Round 2"]
[Site "SchemingMind.com"]
[Date "2024.05.24"]
[Round "2"]
[White "William Lindberg"]
[Black "Rubén Pulido "]
[Result "*"]
[WhiteCountry "USA"]
[BlackCountry "CUB"]
[WhiteElo "2348"]
[WhiteRD "70"]
[BlackElo "2555"]
[BlackRD "97"]
[GameID "744758"]

1. e4 c5 2. Nf3 d6 3. Bb5+ Bd7 4. Bxd7+ Nxd7 5. O-O e6 6. Qe2 Be7 7. c3 Ngf6 8. d4 O-O 9. e5 Ne8 10. Bf4 Qa5
11. Rd1 Rd8 12. Nbd2 cxd4 13. cxd4 dxe5 14. dxe5 Nb6 15. a3 Nc7 16. g3 h6 17. Be3 Nbd5 18. Rac1 Nxe3 19. fxe3 Nd5 20. e4 Nb6
21. Rc7
*

[Event "2024 Standard Chess Dropout Tournament, Round 2"]
[Site "SchemingMind.com"]
[Date "2024.05.25"]
[Round "2"]
[White "mmccaffe"]
[Black "wight knight"]
[Result "*"]
[WhiteCountry "USA"]
[BlackCountry "ENG"]
[WhiteElo "1790"]
[WhiteRD "71"]
[BlackElo "1274"]
[BlackRD "63"]
[GameID "744766"]

1. d4 e6 2. c4 Bb4+ 3. Nd2 Bxd2+ 4. Bxd2 b6 5. Nf3 f6 6. e3 Ba6 7. Be2 g5 8. h3 h5 9. Qc2 Ne7 10. e4 Ng6
11. d5
*

[Event "2024 Standard Chess Dropout Tournament, Round 2"]
[Site "SchemingMind.com"]
[Date "2024.05.24"]
[Round "2"]
[White "pawngrabber"]
[Black "galeno"]
[Result "*"]
[WhiteCountry "ENG"]
[BlackCountry "CUB"]
[WhiteElo "1818"]
[WhiteRD "67"]
[BlackElo "2528"]
[BlackRD "125"]
[GameID "744772"]

1. d4 Nf6 2. c4 e6 3. Nc3 Bb4 4. Qc2 d5 5. a3 Bxc3+ 6. bxc3 c5 7. e3 Nc6 8. Nf3 O-O 9. Bd3 Na5 10. cxd5 c4
11. Be2 exd5 12. O-O Ne4 13. Nd2 Bf5 14. Qb2 Nxd2 15. Bxd2 Nb3 16. Ra2 Rc8 17. Bd1 Rc6 18. Bxb3 Rb6 19. Raa1 cxb3 20. Bc1 Bc2
21. a4 Qh4 22. Qa3 Rh6 23. h3
*

[Event "2024 Standard Chess Dropout Tournament, Round 2"]
[Site "SchemingMind.com"]
[Date "2024.05.24"]
[Round "2"]
[White "pmdpsp"]
[Black "Chessibelle"]
[Result "*"]
[WhiteCountry "GER"]
[BlackCountry "ENG"]
[WhiteElo "1670"]
[WhiteRD "71"]
[BlackElo "1003"]
[BlackRD "59"]
[GameID "744775"]

1. g4 e5 2. Bg2 Nc6 3. Nc3 b6 4. d3 Be7 5. Nd5 Bd6 6. e4 g6 7. g5 f6 8. h4 Nge7 9. Nxf6+ Kf7 10. Qf3 Kg7
11. h5 Nd4 12. h6+ Kf8 13. Qd1 Nb5 14. Ne2
*

[Event "2024 Standard Chess Dropout Tournament, Round 2"]
[Site "SchemingMind.com"]
[Date "2024.05.25"]
[Round "2"]
[White "Raymond de Kemp"]
[Black "Giraldo Menendez Rodriguez"]
[Result "*"]
[WhiteCountry "NED"]
[BlackCountry "CUB"]
[WhiteElo "1846"]
[WhiteRD "72"]
[BlackElo "2540"]
[BlackRD "82"]
[GameID "744779"]

1. d4 d5 2. Bf4 e6 3. Nf3 Nf6 4. e3 Bd6 5. Bg3 O-O 6. Nbd2 b6 7. Ne5 Bb7 8. Bd3 c5 9. c3 Nc6 10. f4 Ne7
11. Qf3 Nf5 12. Bf2 Be7 13. g4 Nd6 14. g5
*

[Event "2024 Standard Chess Dropout Tournament, Round 2"]
[Site "SchemingMind.com"]
[Date "2024.05.24"]
[Round "2"]
[White "surfnsuds"]
[Black "Thomas Jacob Kelly"]
[Result "*"]
[WhiteCountry "USA"]
[BlackCountry "USA"]
[WhiteElo "1282"]
[WhiteRD "102"]
[BlackElo "1751"]
[BlackRD "89"]
[GameID "744785"]

1. d4 Nf6 2. c4 g6 3. Nc3 d5 4. cxd5 Nxd5 5. e4 Nb6 6. Nf3 Bg4 7. Be2 Nc6 8. h3 Bxf3 9. Bxf3 Nxd4 10. e5 c6
11. Be4 Bg7 12. Bf4 Nc4 13. b3 Nxe5 14. O-O Ne6 15. Qc1 Nxf4 16. Qxf4 O-O 17. Rad1 Qa5 18. Na4 Rad8 19. Bc2 Kh8 20. b4 Qb5
21. Rxd8 Rxd8
*